| 000 | 00532nam a2200157Ia 4500 | ||
|---|---|---|---|
| 008 | 210716s2000 xx 000 0 und d | ||
| 020 | _a74637916 | ||
| 041 | _aeng | ||
| 082 | _a003.54 OBRJ | ||
| 100 | _aObrien James A. | ||
| 245 |
_aManagement information systems: managing information technology in the internetworked enterprise. _bManaging information technology in the internetworked enterprise. |
||
| 250 | _a9 | ||
| 260 |
_aNew Delhi _bTata Mc Graw Hill _c2000 |
||
| 300 | _axxx,831 | ||
| 650 | _aInformation Theory(003.54) | ||
| 999 |
_c181609 _d181609 |
||